[Event "Klatov Bazar Besiny Cup 2018"]
[Site "Klatovy"]
[Date "2018.07.01"]
[Round "2"]
[White "Eret, Matous"]
[Black "Pulpan, Jakub"]
[Result "0-1"]
[WhiteElo "2184"]
[BlackElo "2386"]
[Annotator "NA"]
[PlyCount "84"]
[EventDate "2018.07.01"]
[EventType "swiss"]
[EventCountry "CZE"]
[SourceTitle "playchess.com"]
[Source "ChessBase"]
[SourceQuality "1"]
[TimeControl "40/7200:0"]

1. b3 {[%emt 0:00:00]} e5 {[%emt 0:04:19]} 2. Bb2 {[%emt 0:00:00]} Nc6 {[%emt 0:00:15]} 3. g3 {[%emt 0:00:00]} d5 {[%emt 0:00:00]} 4. Bg2 {[%emt 0:00:00]} Nf6 {[%emt 0:00:08]} 5. d3 {[%emt 0:02:24] A01: Nimzowitsch-Larsen Opening} (5. e3 Be7 6. d3 Be6 7. Ne2 O-O 8. Nd2 a5 9. a3 Qd7 10. h3 d4 11. e4 g6 12. f4 exf4 13. gxf4 {½-½ (42) Kamsky,G (2762)-Grischuk,A (2764) Beijing 2012}) 5... Bf5 {[%emt 0:10:58]} 6. Nf3 {[%emt 0:03:35]} Bd6 {[%emt 0:00:18]} 7. Nbd2 {[%emt 0:00:19]} Qd7 {[%emt 0:03:59]} 8. Nh4 $146 {[%emt 0:13:11]} ({Predecessor:} 8. O-O Bh3 9. Re1 Bxg2 10. Kxg2 O-O 11. Qc1 h6 12. c3 e4 13. dxe4 dxe4 {0-1 (25) Pimenta,M-Janke,L Brusque 2000}) 8... Be6 {[%emt 0:11:12]} 9. c4 {[%emt 0:05:00]} d4 {[%emt 0:07:11]} 10. a3 {[%emt 0:07:20]} a5 {[%emt 0:07:52]} 11. Qc2 {[%emt 0:03:49]} Bh3 {[%emt 0:03:56]} 12. O-O {[%emt 0:10:06]} Bxg2 {[%emt 0:02:30]} 13. Kxg2 {[%emt 0:00:36]} g5 {[%emt 0:02:33]} 14. Nhf3 {[%emt 0:00:00]} g4 {[%emt 0:00:22]} 15. Ng5 {[%emt 0:03:14]} (15. Nh4 $15) 15... h5 {[%emt 0:02:12]} 16. e3 {[%emt 0:18:26]} Rg8 {[%emt 0:11:45]} 17. Nge4 {[%emt 0:02:52]} Nxe4 {[%emt 0:04:28]} 18. Nxe4 {[%emt 0:00:03]} Be7 {[%emt 0:02:17]} 19. exd4 {[%emt 0:00:19]} Nxd4 {[%emt 0:03:06]} 20. Bxd4 {[%emt 0:00:00]} Qxd4 {[%emt 0:01:02]} 21. Rad1 {[%emt 0:05:57]} O-O-O {[%emt 0:01:12]} 22. b4 {[%emt 0:01:21]} Qb6 {[%emt 0:17:44]} 23. Qa4 {[%emt 0:09:36]} f5 {[%emt 0:01:33]} 24. Nc3 {[%emt 0:02:28]} Qc6+ {[%emt 0:00:44]} 25. Qxc6 {[%emt 0:00:00]} bxc6 {[%emt 0:00:00]} 26. Na2 {[%emt 0:04:40]} Kd7 {[%emt 0:03:11]} 27. d4 {[%emt 0:01:09]} e4 {[%emt 0:00:45]} 28. d5 $1 {[%emt 0:05:37]} c5 {[%emt 0:00:25]} 29. b5 {[%emt 0:00:22]} h4 {[%emt 0:00:01]} 30. Nc3 {[%emt 0:02:11]} Bd6 {[%emt 0:01:18]} 31. Rfe1 {[%emt 0:03:23]} Rg7 {[%emt 0:01:19]} 32. Ne2 {[%emt 0:01:20]} Rh8 {[%emt 0:02:48]} 33. Nf4 {[%emt 0:00:40]} hxg3 {[%emt 0:01:17]} 34. hxg3 {[%emt 0:00:00]} Bxf4 {[%emt 0:00:14]} 35. gxf4 {[%emt 0:00:00]} Rh3 {[%emt 0:00:51]} 36. Rh1 {[%emt 0:02:22]} Rf3 {[%emt 0:00:26]} 37. d6 {[%emt 0:00:29]} g3 {[%emt 0:00:11]} 38. dxc7+ {[%emt 0:02:09]} Kxc7 {[%emt 0:00:00]} 39. fxg3 {[%emt 0:00:49]} Rgxg3+ {[%emt 0:00:00]} 40. Kh2 {[%emt 0:00:00]} Rh3+ {[%emt 0:00:00]} 41. Kg2 {[%emt 1:59:13]} Rfg3+ {[%emt 1:58:56]} 42. Kf2 {[%emt 0:00:00]} e3+ {[%emt 0:00:00]} 0-1

[Event "Klatov Bazar Besiny Cup 2018"]
[Site "Klatovy"]
[Date "2018.07.01"]
[Round "2"]
[White "Simet, Martin"]
[Black "Simek, Petr"]
[Result "1/2-1/2"]
[WhiteElo "2182"]
[BlackElo "2266"]
[Annotator "NA"]
[PlyCount "69"]
[EventDate "2018.07.01"]
[EventType "swiss"]
[EventCountry "CZE"]
[SourceTitle "playchess.com"]
[Source "ChessBase"]
[SourceQuality "1"]
[TimeControl "40/7200:0"]

1. e4 {[%emt 0:00:00]} c5 {[%emt 0:00:00]} 2. Nf3 {[%emt 0:00:00]} Nc6 {[%emt 0:00:00]} 3. d4 {[%emt 0:00:00]} cxd4 {[%emt 0:00:00]} 4. Nxd4 {[%emt 0:00:00]} Nf6 {[%emt 0:03:53]} 5. Nc3 {[%emt 0:00:00]} e5 {[%emt 0:00:00]} 6. Ndb5 {[%emt 0:00:00]} d6 {[%emt 0:00:00]} 7. Bg5 {[%emt 0:00:00]} a6 {[%emt 0:00:00]} 8. Bxf6 {[%emt 0:00:00]} gxf6 {[%emt 0:00:00]} 9. Na3 {[%emt 0:00:00]} f5 {[%emt 0:05:03]} 10. Qh5 {[%emt 0:18:15]} b5 {[%emt 0:12:48]} 11. Naxb5 {[%emt 0:12:06]} Be7 $2 {[%emt 0:15:12]} (11... axb5 $17 12. Bxb5 Bb7) 12. Bc4 {[%emt 0:09:22]} O-O {[%emt 0:00:51]} 13. Na3 {[%emt 0:00:00]} Nd4 {[%emt 0:11:40]} 14. Bd3 {[%emt 0:13:29]} d5 {[%emt 0:17:37]} (14... Bb7 $16 {kämpft weiter.}) 15. Nxd5 {[%emt 0:16:51]} Bxa3 {[%emt 0:01:07]} 16. bxa3 $18 {[%emt 0:00:00]} fxe4 {[%emt 0:10:31]} 17. Qxe5 {[%emt 0:00:22]} exd3 {[%emt 0:01:32]} 18. Ne7+ {[%emt 0:02:12]} Qxe7 {[%emt 0:00:00]} 19. Qxe7 {[%emt 0:00:00]} Nxc2+ {[%emt 0:00:00]} 20. Kd2 {[%emt 0:00:00]} Bf5 {[%emt 0:05:05]} 21. Qf6 {[%emt 0:02:42]} Bg6 {[%emt 0:00:12]} 22. f4 {[%emt 0:01:32]} Nxa1 {[%emt 0:01:10]} 23. Rxa1 {[%emt 0:00:00]} Rfe8 {[%emt 0:01:58]} 24. f5 {[%emt 0:02:17]} Re2+ {[%emt 0:00:00]} 25. Kxd3 {[%emt 0:00:00]} Re6 {[%emt 0:01:04]} 26. Qg5 {[%emt 0:02:35]} h6 {[%emt 0:08:55]} 27. Qg4 {[%emt 0:11:34]} Rd8+ {[%emt 0:00:20]} 28. Kc3 {[%emt 0:00:00]} Rc8+ {[%emt 0:05:04]} 29. Kb3 {[%emt 0:00:00]} h5 {[%emt 0:00:37]} 30. Qxg6+ {[%emt 0:15:39]} Rxg6 {[%emt 0:00:00]} 31. fxg6 {[%emt 0:00:00]} fxg6 {[%emt 0:00:00]} 32. Rd1 {[%emt 0:00:00]} Kg7 {[%emt 0:00:22]} 33. Rd6 {[%emt 0:00:00]} Rb8+ {[%emt 0:00:00]} 34. Kc3 {[%emt 0:00:00]} Rf8 {[%emt 0:00:00]} 35. Rd2 {[%emt 0:00:44]} 1/2-1/2

[Event "Klatov Bazar Besiny Cup 2018"]
[Site "Klatovy"]
[Date "2018.07.01"]
[Round "2"]
[White "Palek, Miroslav"]
[Black "Hausner, Ivan"]
[Result "1/2-1/2"]
[WhiteElo "2153"]
[BlackElo "2321"]
[Annotator "NA"]
[PlyCount "62"]
[EventDate "2018.07.01"]
[EventType "swiss"]
[EventCountry "CZE"]
[SourceTitle "playchess.com"]
[Source "ChessBase"]
[SourceQuality "1"]
[TimeControl "40/7200:0"]

{[%evp 38,62,-19,-81,-85,-70,32767,-81,-89,-95,-112,-116,-79,-81,-22,-30,-16,-35,-38,-48,11,0,0,0,0,-12,-15]} 1. e4 {[%emt 0:00:00]} c5 {[%emt 0:00:00]} 2. Nf3 {[%emt 0:00:00]} d6 {[%emt 0:00:00]} 3. Bb5+ {[%emt 0:00:09]} Nd7 {[%emt 0:00:00]} 4. c3 {[%emt 0:00:33]} Ngf6 {[%emt 0:00:00]} 5. Qe2 {[%emt 0:00:14]} e5 {[%emt 0:00:00] B51: Sicilian: Moscow Variation (3 Bb5+) without 3...Bd7} (5... a6 6. Ba4 b5 7. Bc2 Bb7 8. d4 e6 9. O-O Be7 10. Nbd2 O-O 11. e5 Nd5 12. Ne4 Qc7 13. exd6 Bxd6 14. Nxd6 Qxd6 15. dxc5 Qxc5 {½-½ (58) Kovalev,V (2648)-Grandelius,N (2652) Sharjah 2018}) 6. O-O {[%emt 0:01:45]} Be7 {[%emt 0:00:00]} 7. Rd1 {[%emt 0:00:00]} O-O {[%emt 0:00:00]} 8. d4 {[%emt 0:00:00]} Qc7 {[%emt 0:00:00]} 9. Bg5 $146 {[%emt 0:04:24]} ({Predecessor:} 9. dxe5 dxe5 10. Bg5 Nb8 11. c4 a6 12. Ba4 Bd7 13. Bxd7 Nbxd7 {½-½ (33) Haug,J (2307)-Haubro,M (2361) Oslo 2016}) 9... h6 {[%emt 0:00:00]} 10. Bh4 {[%emt 0:00:00]} a6 {[%emt 0:00:00]} 11. Ba4 {[%emt 0:02:19]} Re8 {[%emt 0:00:04]} 12. dxc5 {[%emt 0:00:42]} dxc5 {[%emt 0:00:00]} 13. Nbd2 {[%emt 0:00:23]} b5 {[%emt 0:00:00]} 14. Bc2 {[%emt 0:00:00]} Bb7 {[%emt 0:00:16]} 15. h3 {[%emt 0:22:33]} Bf8 {[%emt 0:07:26]} 16. Nh2 {[%emt 0:04:49]} g6 {[%emt 0:00:06]} 17. g4 {[%emt 0:00:53]} Bg7 {[%emt 0:00:00]} 18. Nhf1 {[%emt 0:00:00]} c4 {[%emt 0:00:17]} 19. Ne3 {[%emt 0:01:28]} Nc5 {[%emt 0:06:37]} 20. f3 {[%emt 0:00:34]} Ne6 {[%emt 0:03:12]} 21. Ng2 {[%emt 0:02:18]} Nh7 {[%emt 0:00:49]} 22. Rac1 {[%emt 0:10:11]} Nhg5 {[%emt 0:02:51]} 23. Kh2 {[%emt 0:00:15]} Rad8 {[%emt 0:00:23]} 24. Nf1 {[%emt 0:00:33]} Bf6 {[%emt 0:00:09]} 25. Bf2 {[%emt 0:02:22] [#]} Be7 {[%emt 0:03:11]} (25... Nd4 $1 $17 {[%mdl 512]} 26. cxd4 exd4+ 27. Bg3 d3 28. Bxd3 cxd3) 26. h4 {[%emt 0:02:38]} Nh7 {[%emt 0:00:00]} 27. Rxd8 {[%emt 0:00:00]} Rxd8 {[%emt 0:00:00]} 28. Rd1 {[%emt 0:00:00]} Bc5 {[%emt 0:00:53]} 29. Rxd8+ {[%emt 0:01:58]} Qxd8 {[%emt 0:00:00]} 30. Bxc5 {[%emt 0:02:37]} Nxc5 {[%emt 0:00:00]} 31. Qe3 {[%emt 0:00:00]} Qf8 $11 {[%emt 0:00:00]} 1/2-1/2

[Event "Klatov Bazar Besiny Cup 2018"]
[Site "Klatovy"]
[Date "2018.07.02"]
[Round "3"]
[White "Krzyzanowski, Marcin"]
[Black "Simet, Martin"]
[Result "1-0"]
[WhiteElo "2473"]
[BlackElo "2182"]
[Annotator "TA"]
[PlyCount "59"]
[EventDate "2018.07.01"]
[EventType "swiss"]
[EventCountry "CZE"]
[SourceTitle "playchess.com"]
[Source "ChessBase"]
[SourceQuality "1"]

{[%evp 17,59,7,1,3,19,0,0,-4,40,38,36,0,111,92,79,61,126,132,153,153,142,139,136,149,141,149,154,152,141,139,152,123,135,133,137,129,177,167,174,172,398,358,366,227]} 1. d4 Nf6 2. Nc3 d6 3. e4 e5 4. Nge2 c6 5. g3 b5 6. a3 {B07: Pirc-Ufimzew-Verteidigung} (6. Bg2 Bb7 7. O-O Nbd7 8. h3 h5 9. a3 Be7 10. Be3 a5 11. d5 b4 12. dxc6 Bxc6 13. Nd5 Nxd5 14. exd5 {1-0 (43) Carlsen,M (2837)-Bologan,V (2732) Astana 2012}) 6... Bb7 7. Bg2 Nbd7 8. O-O Be7 9. h3 a5 {LiveBook: 5 Partien} 10. Be3 Nb6 $146 ({Vorgänger:} 10... b4 11. Nb1 c5 12. d5 c4 13. Nd2 Qc7 14. c3 b3 15. g4 {1-0 (51) Ali Marandi,C (2391)-Sokac,M (2038) Al Ain 2013}) 11. b3 Qc7 12. g4 Nfd7 13. Ng3 g6 14. d5 b4 (14... O-O $11) 15. axb4 axb4 16. dxc6 Bxc6 (16... Qxc6 $14 17. Rxa8+ Bxa8) 17. Na2 $16 Bb5 18. Re1 O-O 19. Nxb4 Rxa1 20. Qxa1 Ra8 21. Qd1 Qc3 22. Qd2 Qxd2 23. Bxd2 Nc5 24. Ne2 Bxe2 25. Rxe2 Ne6 26. Re1 Rc8 27. Ra1 Nd4 28. Ra6 Nd7 $2 {[#]} (28... Bd8 29. Be3 Kg7) 29. Ra7 $18 Rd8 30. c3 {Precision: Weiß = 67%, Schwarz = 34%.} 1-0

[Event "Klatov Bazar Besiny Cup 2018"]
[Site "Klatovy"]
[Date "2018.07.02"]
[Round "3"]
[White "Xu, XianLiang"]
[Black "Formanek, Martin"]
[Result "1-0"]
[WhiteElo "2430"]
[BlackElo "2267"]
[Annotator "NA"]
[PlyCount "65"]
[EventDate "2018.07.01"]
[EventType "swiss"]
[EventCountry "CZE"]
[SourceTitle "playchess.com"]
[Source "ChessBase"]
[SourceQuality "1"]
[TimeControl "40/7200:0"]

1. e4 {[%emt 0:00:00]} c5 {[%emt 0:03:52]} 2. c3 {[%emt 0:00:00]} Nf6 {[%emt 0:00:00]} 3. e5 {[%emt 0:00:00]} Nd5 {[%emt 0:00:00]} 4. d4 {[%emt 0:00:00]} cxd4 {[%emt 0:00:00]} 5. Nf3 {[%emt 0:00:00]} e6 {[%emt 0:00:00]} 6. cxd4 {[%emt 0:00:00]} b6 {[%emt 0:00:00]} 7. Bd3 {[%emt 0:00:00]} Ba6 {[%emt 0:00:00]} 8. O-O {[%emt 0:00:00]} Bxd3 {[%emt 0:00:00]} 9. Qxd3 {[%emt 0:00:00]} Nc6 {[%emt 0:00:35]} 10. Nc3 {[%emt 0:00:00]} Ncb4 {[%emt 0:12:03]} 11. Qe2 {[%emt 0:04:16]} Be7 {[%emt 0:22:40]} 12. a3 {[%emt 0:05:39]} Nxc3 {[%emt 0:01:04]} 13. bxc3 {[%emt 0:00:00]} Nc6 {[%emt 0:00:00]} 14. d5 {[%emt 0:14:40]} exd5 {[%emt 0:00:55]} 15. Rd1 {[%emt 0:01:23]} O-O {[%emt 0:02:48]} 16. Rxd5 {[%emt 0:03:28]} Qc7 {[%emt 0:04:16]} 17. Qd3 {[%emt 0:03:11]} Rad8 {[%emt 0:03:21]} 18. Ng5 {[%emt 0:06:35]} Bxg5 {[%emt 0:03:47]} 19. Bxg5 {[%emt 0:00:44]} Rde8 {[%emt 0:00:33]} 20. f4 {[%emt 0:01:46]} Nb8 {[%emt 0:02:15]} 21. Qg3 {[%emt 0:21:15]} Kh8 {[%emt 0:01:41]} 22. f5 {[%emt 0:01:21]} f6 {[%emt 0:02:49]} 23. exf6 {[%emt 0:01:57]} Qxg3 {[%emt 0:00:00]} 24. fxg7+ {[%emt 0:00:00]} Kxg7 {[%emt 0:00:00]} 25. hxg3 {[%emt 0:00:00]} Rf7 {[%emt 0:01:15]} 26. Rf1 {[%emt 0:04:54]} Nc6 {[%emt 0:00:36]} 27. g4 {[%emt 0:08:01]} Re4 {[%emt 0:09:12]} 28. Rf4 {[%emt 0:01:08]} Re3 {[%emt 0:01:56]} 29. Rc4 {[%emt 0:10:18]} Re5 {[%emt 0:04:50]} 30. Rd6 {[%emt 0:08:09]} h5 {[%emt 0:04:04]} 31. Rg6+ {[%emt 0:00:27]} Kf8 {[%emt 0:00:01]} 32. Bf4 {[%emt 0:07:44]} hxg4 {[%emt 0:02:02]} 33. Rcxc6 {[%emt 0:03:14]} 1-0

[Event "Klatov Bazar Besiny Cup 2018"]
[Site "Klatovy"]
[Date "2018.07.02"]
[Round "3"]
[White "Pulpan, Jakub"]
[Black "Jedlicka, Ales"]
[Result "1-0"]
[WhiteElo "2386"]
[BlackElo "2221"]
[Annotator "ChessBase"]
[PlyCount "99"]
[EventDate "2018.07.01"]
[EventType "swiss"]
[EventCountry "CZE"]
[SourceTitle "playchess.com"]
[Source "ChessBase"]
[SourceQuality "1"]
[TimeControl "40/7200:0"]

1. e4 {[%emt 0:00:00]} c5 {[%emt 0:00:00]} 2. Nf3 {[%emt 0:00:00]} d6 {[%emt 0:00:00]} 3. d4 {[%emt 0:00:00]} cxd4 {[%emt 0:00:00]} 4. Nxd4 {[%emt 0:00:00]} Nf6 {[%emt 0:00:00]} 5. Nc3 {[%emt 0:00:00]} a6 {[%emt 0:00:00]} 6. Be2 {[%emt 0:00:00]} e5 {[%emt 0:00:00]} 7. Nb3 {[%emt 0:00:00]} Be7 {[%emt 0:00:00]} 8. O-O {[%emt 0:00:00]} O-O {[%emt 0:00:00]} 9. Qd3 {[%emt 0:00:00]} Be6 {[%emt 0:00:00]} 10. Bd2 {[%emt 0:00:00]} Nbd7 {[%emt 0:00:00]} 11. Nd5 {[%emt 0:00:00]} Bxd5 {[%emt 0:00:00]} 12. exd5 {[%emt 0:00:00]} a5 {[%emt 0:00:37]} 13. a4 {[%emt 0:00:44]} Nc5 {[%emt 0:00:23]} 14. Nxc5 {[%emt 0:00:00]} dxc5 {[%emt 0:00:00]} 15. c4 {[%emt 0:00:53]} e4 {[%emt 0:01:01]} 16. Qh3 {[%emt 0:00:15]} Bd6 {[%emt 0:03:48]} 17. f4 {[%emt 0:11:13]} Re8 {[%emt 0:04:07]} 18. Bc3 {[%emt 0:01:41]} Ra6 {[%emt 0:11:32]} 19. Rae1 {[%emt 0:06:53]} Qd7 {[%emt 0:02:52]} 20. g4 {[%emt 0:14:23]} Bc7 {[%emt 0:02:35]} 21. Qg2 {[%emt 0:06:33]} e3 {[%emt 0:07:28]} 22. g5 {[%emt 0:10:14]} Ne4 {[%emt 0:03:02]} 23. Bg4 {[%emt 0:07:17]} Qxa4 {[%emt 0:12:59]} 24. Rxe3 {[%emt 0:04:54]} Nd6 {[%emt 0:07:59]} 25. Rxe8+ {[%emt 0:01:50]} Qxe8 {[%emt 0:00:25]} 26. Re1 {[%emt 0:00:00]} Qd8 {[%emt 0:00:33]} 27. Qe2 {[%emt 0:02:47]} Ra8 {[%emt 0:01:08]} 28. h4 {[%emt 0:06:44]} a4 {[%emt 0:05:54]} 29. h5 {[%emt 0:08:21]} Ba5 {[%emt 0:05:08]} 30. Bxa5 {[%emt 0:00:58]} Rxa5 {[%emt 0:01:27]} 31. h6 {[%emt 0:02:18]} gxh6 {[%emt 0:18:02]} 32. gxh6 {[%emt 0:01:36]} Ra8 {[%emt 0:00:00]} 33. Qe5 {[%emt 0:07:38]} f6 {[%emt 0:03:11]} 34. Qe6+ {[%emt 0:06:52]} Kh8 {[%emt 0:03:28]} 35. Bh5 {[%emt 0:05:28]} Qf8 {[%emt 0:00:29]} 36. Re2 {[%emt 0:01:20]} a3 {[%emt 0:05:54]} 37. bxa3 {[%emt 0:00:00]} Nxc4 {[%emt 0:05:11]} 38. Qd7 {[%emt 0:02:32]} Rd8 {[%emt 0:03:41]} 39. Qc7 {[%emt 0:00:54]} Rc8 {[%emt 0:02:00]} 40. Qxb7 {[%emt 0:01:06]} Nd6 {[%emt 0:00:00]} 41. Qd7 {[%emt 2:01:23]} Rb8 {[%emt 2:01:03]} 42. Re6 {[%emt 0:01:17]} Nf5 {[%emt 0:00:14]} 43. Re8 {[%emt 0:00:28]} Rxe8 {[%emt 0:00:00]} 44. Qxe8 {[%emt 0:00:00]} Qxe8 {[%emt 0:00:00]} 45. Bxe8 {[%emt 0:00:00]} Kg8 {[%emt 0:00:13]} 46. Bd7 {[%emt 0:00:00]} Nd6 {[%emt 0:00:15]} 47. a4 {[%emt 0:00:00]} Nc4 {[%emt 0:00:50]} 48. Bb5 {[%emt 0:00:00]} Nd6 {[%emt 0:01:01]} 49. Bd3 {[%emt 0:00:00]} c4 {[%emt 0:00:05]} 50. Bc2 {[%emt 0:00:00]} 1-0

[Event "Klatov Bazar Besiny Cup 2018"]
[Site "Klatovy"]
[Date "2018.07.02"]
[Round "3"]
[White "Simek, Petr"]
[Black "Kozak, Milos"]
[Result "1-0"]
[WhiteElo "2354"]
[BlackElo "2156"]
[Annotator "NA"]
[PlyCount "69"]
[EventDate "2018.07.01"]
[EventType "swiss"]
[EventCountry "CZE"]
[SourceTitle "playchess.com"]
[Source "ChessBase"]
[SourceQuality "1"]
[TimeControl "40/7200:0"]

1. d4 {[%emt 0:00:00]} Nf6 {[%emt 0:01:42]} 2. c4 {[%emt 0:00:00]} e6 {[%emt 0:00:25]} 3. g3 {[%emt 0:00:00]} c5 {[%emt 0:00:00]} 4. d5 {[%emt 0:00:00]} exd5 {[%emt 0:00:00]} 5. cxd5 {[%emt 0:00:00]} d6 {[%emt 0:00:00]} 6. Nc3 {[%emt 0:00:00]} g6 {[%emt 0:00:00]} 7. Bg2 {[%emt 0:00:00]} Bg7 {[%emt 0:00:00]} 8. Nf3 {[%emt 0:00:00]} O-O {[%emt 0:00:00]} 9. O-O {[%emt 0:00:00]} Re8 {[%emt 0:00:00]} 10. a4 {[%emt 0:00:46]} a6 {[%emt 0:03:27]} 11. Bf4 {[%emt 0:08:24]} Qc7 {[%emt 0:07:06]} 12. Rc1 {[%emt 0:03:40]} Ne4 {[%emt 0:06:40]} 13. Nxe4 {[%emt 0:09:58]} Rxe4 {[%emt 0:00:00]} 14. Nd2 {[%emt 0:00:00]} Rd4 {[%emt 0:19:08]} 15. e3 {[%emt 0:03:38]} Rb4 {[%emt 0:03:12]} 16. b3 {[%emt 0:13:41]} Bf8 {[%emt 0:06:45]} 17. Rc4 {[%emt 0:22:42]} Rxc4 {[%emt 0:02:47]} 18. bxc4 {[%emt 0:00:02]} Nd7 {[%emt 0:00:00]} 19. Qb3 {[%emt 0:02:20]} Bg7 {[%emt 0:03:24]} 20. Rb1 {[%emt 0:00:41]} h6 {[%emt 0:09:22]} 21. h4 {[%emt 0:00:31]} Rb8 {[%emt 0:07:20]} 22. Ne4 {[%emt 0:02:45]} Bf8 {[%emt 0:08:34]} 23. g4 {[%emt 0:02:44]} b6 {[%emt 0:07:01]} 24. g5 {[%emt 0:04:17]} hxg5 {[%emt 0:00:40]} 25. hxg5 {[%emt 0:00:26]} Be7 {[%emt 0:00:34]} 26. Qc3 {[%emt 0:06:45]} Ne5 {[%emt 0:02:28]} 27. Rd1 {[%emt 0:24:20]} Bg4 {[%emt 0:01:04]} 28. Bxe5 {[%emt 0:00:00]} Bxd1 {[%emt 0:00:00]} 29. Bh8 {[%emt 0:00:00]} f6 {[%emt 0:01:09]} 30. Bxf6 {[%emt 0:00:00]} Rf8 {[%emt 0:03:10]} 31. Bh3 {[%emt 0:00:09]} Kf7 {[%emt 0:01:22]} 32. Bg7 {[%emt 0:01:05]} Rb8 {[%emt 0:06:22]} 33. Be6+ {[%emt 0:01:33]} Ke8 {[%emt 0:00:00]} 34. Bh6 {[%emt 0:00:00]} Bf8 {[%emt 0:00:49]} 35. Bxf8 1-0

[Event "Klatov Bazar Besiny Cup 2018"]
[Site "Klatovy"]
[Date "2018.07.02"]
[Round "3"]
[White "Hausner, Ivan"]
[Black "Chmel, Kristian"]
[Result "1-0"]
[WhiteElo "2321"]
[BlackElo "2121"]
[Annotator "NA"]
[PlyCount "53"]
[EventDate "2018.07.01"]
[EventType "swiss"]
[EventCountry "CZE"]
[SourceTitle "playchess.com"]
[Source "ChessBase"]
[SourceQuality "1"]
[TimeControl "40/7200:0"]

1. d4 {[%emt 0:00:00]} Nf6 {[%emt 0:00:00]} 2. c4 {[%emt 0:00:00]} g6 {[%emt 0:00:00]} 3. Nc3 {[%emt 0:00:00]} d5 {[%emt 0:00:00]} 4. Nf3 {[%emt 0:00:00]} Bg7 {[%emt 0:00:00]} 5. Bf4 {[%emt 0:00:00]} O-O {[%emt 0:01:25]} 6. Rc1 {[%emt 0:00:00]} dxc4 {[%emt 0:00:24]} 7. e4 {[%emt 0:00:00]} Nh5 {[%emt 0:03:26]} 8. Be3 {[%emt 0:00:00]} b6 {[%emt 0:31:41]} 9. Bxc4 {[%emt 0:00:00]} Bb7 {[%emt 0:02:19]} 10. O-O {[%emt 0:00:00]} Nd7 {[%emt 0:00:31]} 11. Qb3 {[%emt 0:02:14]} e6 {[%emt 0:17:21]} 12. Rfd1 {[%emt 0:00:14]} Ndf6 {[%emt 0:11:55]} 13. d5 {[%emt 0:05:42]} exd5 {[%emt 0:00:35]} 14. Nxd5 {[%emt 0:00:00]} Nxd5 {[%emt 0:05:25]} 15. Bxd5 {[%emt 0:00:00]} Bxd5 {[%emt 0:00:49]} 16. exd5 {[%emt 0:00:00]} Rc8 {[%emt 0:08:29]} 17. h3 {[%emt 0:01:17]} Re8 {[%emt 0:08:23]} 18. Nd4 {[%emt 0:00:41]} a5 {[%emt 0:01:38]} 19. Nb5 {[%emt 0:01:13]} Re4 {[%emt 0:06:37]} 20. d6 {[%emt 0:01:45]} c5 {[%emt 0:05:59]} 21. d7 {[%emt 0:00:05]} Rb8 {[%emt 0:02:29]} 22. Na7 {[%emt 0:00:28]} Re6 {[%emt 0:02:14]} 23. Bxc5 {[%emt 0:02:46]} Nf4 {[%emt 0:02:14]} 24. Kh1 {[%emt 0:00:56]} Qg5 {[%emt 0:02:50]} 25. Qg3 {[%emt 0:00:00]} Qf6 {[%emt 0:00:38]} 26. Bd4 {[%emt 0:00:10]} Qf5 {[%emt 0:01:48]} 27. Rc8+ {[%emt 0:00:55]} 1-0

[Event "Klatov Bazar Besiny Cup 2018"]
[Site "Klatovy"]
[Date "2018.07.02"]
[Round "3"]
[White "Mejzlik, Ondrej"]
[Black "Neuman, Petr"]
[Result "1/2-1/2"]
[WhiteElo "2287"]
[BlackElo "2432"]
[Annotator "NA"]
[PlyCount "58"]
[EventDate "2018.07.01"]
[EventType "swiss"]
[EventCountry "CZE"]
[SourceTitle "playchess.com"]
[Source "ChessBase"]
[SourceQuality "1"]
[TimeControl "40/7200:0"]

1. c4 {[%emt 0:00:00]} Nf6 {[%emt 0:00:00]} 2. Nc3 {[%emt 0:00:00]} e6 {[%emt 0:00:00]} 3. Nf3 {[%emt 0:02:52]} d5 {[%emt 0:00:32]} 4. d4 {[%emt 0:00:00]} c6 {[%emt 0:00:17]} 5. e3 {[%emt 0:00:29]} Nbd7 {[%emt 0:00:00]} 6. a3 {[%emt 0:04:30]} Bd6 {[%emt 0:03:21]} 7. Be2 {[%emt 0:07:15]} O-O {[%emt 0:01:34]} 8. O-O {[%emt 0:02:19]} b6 {[%emt 0:06:43]} 9. b4 {[%emt 0:06:46]} dxc4 {[%emt 0:20:52]} 10. Bxc4 {[%emt 0:05:10]} Bb7 {[%emt 0:00:37]} 11. e4 {[%emt 0:07:54]} e5 {[%emt 0:02:00]} 12. Bg5 {[%emt 0:01:48]} h6 {[%emt 0:01:01]} 13. Bh4 {[%emt 0:08:57]} b5 {[%emt 0:01:15]} 14. Bb3 {[%emt 0:01:56]} a5 {[%emt 0:00:00]} 15. bxa5 {[%emt 0:04:58]} Rxa5 {[%emt 0:07:36]} 16. Bg3 {[%emt 0:09:29]} Qc7 {[%emt 0:04:27]} 17. dxe5 {[%emt 0:06:40]} Nxe5 {[%emt 0:02:27]} 18. Nd4 {[%emt 0:00:38]} Rd8 {[%emt 0:04:35]} 19. Nf5 {[%emt 0:01:27]} Be7 {[%emt 0:06:17]} 20. Qc1 {[%emt 0:05:18]} Bf8 {[%emt 0:14:11]} 21. Qf4 {[%emt 0:02:51]} b4 {[%emt 0:04:17]} 22. axb4 {[%emt 0:01:47]} Nh5 {[%emt 0:00:00]} 23. Qh4 {[%emt 0:21:14]} Rxa1 {[%emt 0:01:02]} 24. Rxa1 {[%emt 0:03:47]} Nxg3 {[%emt 0:00:00]} 25. hxg3 {[%emt 0:00:00]} Bxb4 {[%emt 0:03:24]} 26. Nd1 {[%emt 0:02:32]} Bc8 {[%emt 0:06:57]} 27. Nde3 {[%emt 0:00:46]} Re8 {[%emt 0:00:29]} 28. Ng4 {[%emt 0:01:31]} Bxf5 {[%emt 0:01:41]} 29. exf5 {[%emt 0:00:00]} Nxg4 {[%emt 0:01:08]} 1/2-1/2